| 000 | 00912cam a2200253 a 4500 | ||
|---|---|---|---|
| 001 | 000002103 | ||
| 005 | 20200929145831.0 | ||
| 008 | 800508s1978 ve a b f001 0 spa | ||
| 040 |
_aDO-SdBNP _bspa _cBNPHU |
||
| 082 |
_a987.03 _bG767c, 1978 |
||
| 100 | 1 |
_aGrases, Pedro _d1909- _96755 |
|
| 245 | 1 | 3 |
_aLa conspiración de Gual y España y el ideario de la independencia / _cPedro Grases. |
| 250 | _a2a ed. | ||
| 260 |
_aCaracas : _bMinisterio de Educación, Departamento de Imprenta, _c1978. |
||
| 300 |
_axv, 300 p. : _bil. ; _c23 cm. |
||
| 500 | _aEn cubierta: Puerto de la Guaira. | ||
| 500 | _a"Apéndice documental": p. [167]-290. | ||
| 504 | _aBibliografía: p. 293-298. | ||
| 500 | _aIncluye índice. | ||
| 651 | 4 |
_aVenezuela _xHistoria _y1793-1810 _96756 |
|
| 600 | 1 | 0 |
_aGUAL, MANUEL, _d1800- _96757 |
| 600 | 1 | 0 |
_aESPAÑA, JOSÉ MARÍA, _d1799- _96758 |
| 650 | 4 |
_aHistoria constitucional _zVenezuela _96759 |
|
| 999 |
_c1961 _d1961 |
||